Mejor que cuando novios : (Registro nro. 8138)

Detalles MARC
000 -LIDER
fixed length control field 01220nam a2200313 a 4500
001 - NÚMERO DE CONTROL
Identificador de número de control 000000382
003 - IDENTIFICACDOR DE NÚMERO DE CONTROL
control field DO-SdBNP
005 - DATE AND TIME OF LATEST TRANSACTION
control field 20220324091032.0
007 - CAMPOS FIJOS DE DESCRIPCIÓN FÍSICA
fixed length control field 000000382
008 - ELEMENTOS DE LONGITUD FIJA
fixed length control field 081028s2008 dr 000 0 spa d
020 ## - ISBN
International Standard Book Number 9789945161915
Canceled/invalid ISBN
040 ## - FUENTE DE CATALOGACIÓN
Agencia que crea de manera original el registro BPMSU
Idioma de catalogación spa
Agencia que realiza la transcripción BPMSU
082 #4 - NÚMERO DE CLASIFICACIÓN DECIMAL DE DEWEY
Classification number 306.81
Item number D919m
100 1# - ASIENTO PRINCIPAL -- NOMBRE PERSONAL
Nombre personal Dunker Lambert, José,
Fechas asociadas con el nombre 1943-
245 10 - MENCIÓN DE TITULO
Título Mejor que cuando novios :
Subtítulo guía para que la pareja aprenda un diálogo de enriquecimiento matrimonial /
Mención de responsabilidad José Dunker Lambert, Fior de Jesús de Dunker.
260 ## - PUBLICACIÓN, DISTRIBUCIÓN, ETC. (PIE DE IMPRENTA)
Lugar de publicación, distribución, etc Santo Domingo :
Nombre del editor, distribuidor, etc. Búho,
Fecha de publicación, distribución, etc 2008.
300 ## - DESCRIPCIÓN FÍSICA
Extensión 53 p. ;
Dimensiones 22 cm.
505 0# - NOTA DE CONTENIDO
Título Preámbulo --
-- Fronteras con los padres --
-- Frontera con los hijos --
-- Momentos exclusivos --
-- Exclusividad sexual --
-- Reciprocidad --
-- Buena comunicación --
-- Economía doméstica --
-- Rey y reina --
-- Consenso espiritual --
-- Indisolubilidad.
650 #4 - ENCABEZAMIENTO DE MATERIA--TEMÁTICO
Término temático o nombre geográfico como elemento de entrada MATRIMONIO
650 #4 - ENCABEZAMIENTO DE MATERIA--TEMÁTICO
Término temático o nombre geográfico como elemento de entrada CONSEJERÍA MATRIMONIAL
650 #4 - ENCABEZAMIENTO DE MATERIA--TEMÁTICO
Término temático o nombre geográfico como elemento de entrada RELACIONES DE PAREJA
650 #4 - ENCABEZAMIENTO DE MATERIA--TEMÁTICO
Término temático o nombre geográfico como elemento de entrada RELACIONES FAMILIARES
650 #4 - ENCABEZAMIENTO DE MATERIA--TEMÁTICO
Término temático o nombre geográfico como elemento de entrada PADRES E HIJOS
700 12 - ASIENTO SECUNDARIO -- NOMBRE PERSONAL
Nombre personal Jesús, Fior de
910 ## - VALIDACIÓN
Validación Validado. Control de calidad BNPHU
942 ## - ADDED ENTRY ELEMENTS (KOHA)
Source of classification or shelving scheme Dewey Decimal Classification
Koha item type Libros
945 ## - INFORMACIÓN DE PROCESAMIENTO LOCAL
Información de procesamiento local Inventariado / 2017 VM
956 ## - LOCAL ELECTRONIC LOCATION AND ACCESS (OCLC)
Nombre de host VMATEO
Número de acceso 10
Información de compresión 20150807
Inicio de sesión BPMSU
Procesador de solicitud 00151
Existencias
Withdrawn status Lost status Source of classification or shelving scheme Damaged status Not for loan Collection code Home library Current library Date acquired Source of acquisition Total Checkouts Full call number Barcode Date last seen Price effective from Koha item type Copy number
    Dewey Decimal Classification     Colección Juvenil Dominicana Biblioteca Pública Metropolitana Salomé Ureña Biblioteca Pública Metropolitana Salomé Ureña 10/12/2017 Donación   306.81 D919m BPMSU17100010 10/12/2017 10/12/2017 Libros  
    Dewey Decimal Classification     Colección Juvenil Dominicana Biblioteca Pública Metropolitana Salomé Ureña Biblioteca Pública Metropolitana Salomé Ureña 10/17/2017 Donación   306.81 D919m BPMSU17100044 10/17/2017 10/17/2017 Libros e. 2
    Dewey Decimal Classification     Colección Juvenil Dominicana Biblioteca Pública Metropolitana Salomé Ureña Biblioteca Pública Metropolitana Salomé Ureña 10/23/2017 Editora Búho   306.81 D919m BPMSU17100127 10/23/2017 10/23/2017 Libros